Take it apart / (Record no. 6419)

MARC details
000 -LEADER
fixed length control field 01075cam a22003254a 4500
001 - CONTROL NUMBER
control field 6419
003 - CONTROL NUMBER IDENTIFIER
control field FISKH
005 - DATE AND TIME OF LATEST TRANSACTION
control field 20250827142748.0
008 - FIXED-LENGTH DATA ELEMENTS--GENERAL INFORMATION
fixed length control field 060329s2007 flua j b 001 0 eng
010 ## - LIBRARY OF CONGRESS CONTROL NUMBER
LC control number 2006010671
020 ## - INTERNATIONAL STANDARD BOOK NUMBER
International Standard Book Number 1600442129
020 ## - INTERNATIONAL STANDARD BOOK NUMBER
International Standard Book Number 9781595155603
020 ## - INTERNATIONAL STANDARD BOOK NUMBER
International Standard Book Number 1595155600 (softcover)
040 ## - CATALOGING SOURCE
Original cataloging agency DLC
Transcribing agency DLC
Modifying agency DLC
Language of cataloging eng
050 ## - LIBRARY OF CONGRESS CALL NUMBER
Classification number TJ1195 .W52
082 ## - DEWEY DECIMAL CLASSIFICATION NUMBER
Classification number 621.9
100 1# - MAIN ENTRY--PERSONAL NAME
Personal name Whitehouse, Patricia,
Dates associated with a name 1958-
245 10 - TITLE STATEMENT
Title Take it apart /
Statement of responsibility, etc. Patty Whitehouse.
260 ## - PUBLICATION, DISTRIBUTION, ETC.
Place of publication, distribution, etc. Vero Beach :
Name of publisher, distributor, etc. Rourke Publishing,
Date of publication, distribution, etc. 2007.
300 ## - PHYSICAL DESCRIPTION
Extent 24 pages :
Other physical details color illustrations ;
Dimensions 21 cm
500 ## - GENERAL NOTE
General note Includes index.
505 ## - FORMATTED CONTENTS NOTE
Formatted contents note G<br/>
520 ## - SUMMARY, ETC.
Summary, etc. Photographs and simple text describe the large and small tools that are needed to take things apart such as scissors and tin snips, hand and electric saws, axes and wedges, and jackhammers.
521 8# - TARGET AUDIENCE NOTE
Target audience note 300<br/>
Source Lexile estimate <br/>
521 8# - TARGET AUDIENCE NOTE
Target audience note G<br/>
Source Raz-Plus<br/>
650 #0 - SUBJECT ADDED ENTRY--TOPICAL TERM
Topical term or geographic name entry element Tools
Form subdivision Juvenile literature.
906 ## - LOCAL DATA ELEMENT F, LDF (RLIN)
a 7
b cbc
c orignew
d 1
e ecip
f 20
g y-gencatlg
942 ## - ADDED ENTRY ELEMENTS (KOHA)
Source of classification or shelving scheme Dewey Decimal Classification
Koha item type Books
Suppress in OPAC No
Holdings
Withdrawn status Lost status Source of classification or shelving scheme Damaged status Not for loan Collection Home library Current library Shelving location Date acquired Total Checkouts Full call number Barcode Date last seen Copy number Price effective from Koha item type
    Dewey Decimal Classification     Non-Fiction Footprints International School Library Network Toul Kork Campus Footprints International School Library Network Toul Kork Campus TK Primary Library Room(4th Floor), Bookcase 7, Shelves 57-60, Dark Green Books 04/29/2025   WHI 621.9 TJ1195 .W52 FISTK00780 04/29/2025 1 04/29/2025 Books
    Dewey Decimal Classification     Non-Fiction Footprints International School Library Network Toul Tom Poung Campus Footprints International School Library Network Toul Tom Poung Campus TTP Primary Green Bookshelves 08/27/2025   WHI 621.9 TJ1195 .W52 FIS03066 08/27/2025 2 08/27/2025 Books